Hodnota goodwillu

Vymedzenie pojmu goodwill. Účtovné aspekty goodwillu. Stanovenie hodnoty goodwillu. Goodwill v medzinárodnom kontexte.

Saved in:
Bibliographic Details
Main Author: Harumová, Anna, 1955-
Format: Book Chapter
Language:Slovak
Subjects:
Tags: Add Tag
No Tags, Be the first to tag this record!

MARC

LEADER 00000naa$a2200000$$$4500
001 0073373
005 20240502071853.8
041 0 |a slo 
044 |a SK 
245 1 0 |a Hodnota goodwillu  |c Anna Harumová 
520 |a Vymedzenie pojmu goodwill. Účtovné aspekty goodwillu. Stanovenie hodnoty goodwillu. Goodwill v medzinárodnom kontexte. 
610 2 0 |a goodwill 
610 2 0 |a meno obchodné 
610 2 0 |a produkcia 
610 2 0 |a podnik 
610 2 0 |a účtovníctvo 
610 2 0 |a trh 
610 2 0 |a konkurencia 
610 2 0 |a hodnota 
100 1 |a Harumová, Anna, 1955-